Hamzsek Mátyásné született Lestár Anna [a család gyászjelentése]

Elmentve itt :
Bibliográfiai részletek
Dokumentumtípus: Cikk
Megjelent: 1938-07-10
Sorozat:Délmagyarország 14 No. 152
Kulcsszavak:Hamzsek Mátyásné Lestár Anna, Halálozás
Online Access:http://dmarchiv.bibl.u-szeged.hu/40754
LEADER 00477nab a2200145 i 4500
001 delm40754
005 20180927130025.0
008 180927s1938 hu o 0|| hun d
040 |a SZTE Délmagyarország Archívum  |b hun 
041 |a hun 
245 0 0 |a Hamzsek Mátyásné született Lestár Anna   |h [elektronikus dokumentum] :  |b [a család gyászjelentése] 
260 |c 1938-07-10 
300 |a 4 
490 0 |a Délmagyarország  |v 14 No. 152 
695 |a Hamzsek Mátyásné Lestár Anna, Halálozás